Most Populous Australian Cities as a Percent of Their State - Statistics

General Stats
  • This quiz has been taken 89 times
    44 since last reset
  • The average score is 8 of 10
Answer Stats
% State or Territory City % Correct
69.9 South Australia Adelaide
100%
70.1 Victoria Melbourne
100%
76.8 Western Australia Perth
100%
58.2 New South Wales Sydney
100%
44.4 Queensland Brisbane
98%
52.5 Northern Territory Darwin
90%
13.0 Queensland Gold Coast
88%
35.4 Tasmania Hobart
88%
10.7 Northern Territory Alice Springs
56%
14.5 Tasmania Launceston
27%
No matching quizzes found
Score Distribution
Percent of People with Each Score
Percentile by Number Answered
Your Score History
You have not taken this quiz since the last reset